000 00610nam a2200229 i 4500
001 C2-0078068
003 PPAK
005 20180727082944.0
008 970429s1984 enka|||| ||||| | eng d
020 _a0241112052
040 _aPPAK
_beng
_cPPAK
_erda
082 0 4 _a551.51
_223
090 0 0 _a551.51
_bFIT
_dK
100 1 _aFitzpatrick, Julie,
_eauthor
245 1 0 _aIn the air
264 1 _aLondon :
_bHamish Hamilton ,
_c1984
300 _a30 pages :
_bcolour illustrations ;
_c20 cm
336 _2rdacontent
_atext
337 _2rdamedia
_aunmediated
338 _2rdacarrier
_avolume
942 _ddc
_cB
999 _c12845
_d12845